A beautiful mind

Η ιστορία του μεγαλοφυούς μαθηματικού Τζον Νας, ο οποίος βρίσκεται στα πρόθυρα της παγκόσμιας αναγνώρισης όταν παγιδεύεται σε μια εφιαλτική συνωμοσία. Τώρα μόνο η αφορσιωμένη σύζυγός του μπορεί να τον βοηθήσει σε αυτή την δυνατή ιστορία κουράγιου, πάθους και θριάμβου....

Πλήρης περιγραφή

Αποθηκεύτηκε σε:
Λεπτομέρειες βιβλιογραφικής εγγραφής
Άλλοι συγγραφείς: Howard, Ron, 1954- (Διευθυντής), Crowe, Russell, 1964- (Ηθοποιός), Harris, Ed, 1950- (Ηθοποιός)
Μορφή: Διαφάνειες
Γλώσσα:English
Multiple
Δημοσίευση: [S.l.] : Universal Studios and DreamWorks, c2001.
Θέματα:
Ετικέτες: Προσθήκη ετικέτας
Δεν υπάρχουν, Καταχωρήστε ετικέτα πρώτοι!

MARC

LEADER 00000cgm a2200000 i 4500
001 1/1936
008 091008s2001 xx ||| | || ||eng||
035 |l 10105792 
040 |a GR-MyUa  |b gre  |e AACR2 
041 0 |a eng  |j mul 
082 7 |a 791.437   |2 (22) 
245 0 2 |a A beautiful mind   |h [μαγνητοσκόπηση] /   |c directed by Ron Howard.  
260 |a [S.l.] :   |b Universal Studios and DreamWorks,   |c c2001. 
300 |a 1 βιντεοδίσκος (130 λεπτ.) :   |b ομίλ., έγχρ. ;   |c 4 3/4 ίν. 
500 |a Κυκλοφόρησε πρώτη φορά ως κινηματογραφική ταινία το 2001. 
508 |a Μουσική, James Horner ; μοντάζ, Mike Hill, Dan Hanley ; σχεδιασμός παραγωγής, Wynn Thomas ; διεύθυνση φωτογραφίας, Roger Deakins ; εκτέλεση παραγωγής, Karen Kehela, Todd Hallowell ; βασισμένο στο μυθιστόρημα της Sylvia Nasar ; παραγωγή, Brian Grazer ; σενάριο, Akiva Goldsman. 
511 0 |a Russell Crowe, Ed Harris, Jennifer Connelly, Paul Bettany, Adam Goldberg, Judd Hirsch, Josh Lucas, Anthony Rapp, Christopher Plummer. 
520 8 |a Η ιστορία του μεγαλοφυούς μαθηματικού Τζον Νας, ο οποίος βρίσκεται στα πρόθυρα της παγκόσμιας αναγνώρισης όταν παγιδεύεται σε μια εφιαλτική συνωμοσία. Τώρα μόνο η αφορσιωμένη σύζυγός του μπορεί να τον βοηθήσει σε αυτή την δυνατή ιστορία κουράγιου, πάθους και θριάμβου. 
546 |a Στα αγγλικά με υπότιτλους στα ελληνικά. 
586 8 |a 4 Βραβεία Όσκαρ 
600 1 0 |a Nash, John F.,   |c Jr.,   |d 1928-2015  |v Drama. 
655 7 |a Feature films  |2 lcgft 
700 1 |a Howard, Ron,   |d 1954-  |e drt 
700 1 |a Crowe, Russell,   |d 1964-  |e act 
700 1 |a Harris, Ed,   |d 1950-  |e act 
852 |a INST  |b SYROS  |c AV  |e 20091020  |h 791.437 HOW  |p 005500008166  |q 005500008166  |t DVD  |y 23 
901 |a BIBL5-2008-1 
922 |a 5ΕΛΗ  |b 200709  |c Βιβλιοθήκη Σύρου  |d Anaco 
970 |a Κοντού  |b Παρασκευή  |z 08/10/2009